000 01014nam a2200169 4500
001 14030
005 20260226151113.0
010 _a9782487746268
090 _a14030
099 _o0
100 _a20260226d u||y0frey50 ba
200 _aLa Détente
_bLIVR
214 _cesse que
323 _a20 personnages et plus
330 _aSuzanne est professeure de musique au collège. Elle mène une vie paisible dans une maison située sur le bord d’une crique à l’eau exceptionnellement fraîche. La vie de Suzanne est bouleversée le jour où la destruction de la crique est annoncée. Une centrale nucléaire sera construite. Dans la région, un mouvement de contestation s’organise contre le projet. Mouvement massif qui, d’abord pacifique, se radicalise progressivement. La pièce raconte l’histoire de ce mouvement du point de vue de Suzanne qui, de paisible citoyenne, va se transformer en militante acharnée. En bout de course, Suzanne pressera la détente.
610 _aécologie
700 _aGautier
_bRaphaël